| 000 | 00466nam a2200193Ia 4500 | ||
|---|---|---|---|
| 008 | 170918s9999 xx 000 0 und d | ||
| 020 | _a9780439353625 | ||
| 050 | _bC623 1973 | ||
| 100 | _aCleary, Beverly | ||
| 245 | _aSocks / | ||
| 245 | _cby Beverly Cleary ; illustrated by Alan Tiagreen. | ||
| 260 | _aNew York : | ||
| 260 | _bScholastic, | ||
| 260 | _c1973 | ||
| 300 | _a156 pages : | ||
| 300 | _billustrations ; | ||
| 300 | _c19cm. | ||
| 500 | _a890 | ||
| 999 |
_c344184 _d344184 |
||